Sông ngòi Việt Nam

Na minha lista:
Detalhes bibliográficos
Autor principal: Nguyễn, Viết Phổ
Formato: Livro
Idioma:Undetermined
Publicado em: Hà Nội Khoa học kỹ thuật 1983
Assuntos:
Tags: Adicionar Tag
Sem tags, seja o primeiro a adicionar uma tag!
Thư viện lưu trữ: Trung tâm Học liệu Trường Đại học Cần Thơ
LEADER 00534nam a2200193Ia 4500
001 CTU_10361
008 210402s9999 xx 000 0 und d
082 |a 551.483 
082 |b Ph450 
100 |a Nguyễn, Viết Phổ 
245 0 |a Sông ngòi Việt Nam 
245 0 |c Nguyễn Viết Phổ 
260 |a Hà Nội 
260 |b Khoa học kỹ thuật 
260 |c 1983 
650 |a Hydrography,Rivers 
650 |z Vietnam 
904 |i Minh 
980 |a Trung tâm Học liệu Trường Đại học Cần Thơ